000 00744nas a2200241 4500
001 BR9802043
003 BR-BrBNA
005 20231205101007.0
007 ta
008 230509b bl.|||p| |||| 00| 00por d
040 _aBR-BrBNA
_bpor
_cBiblioteca Nacional de Agricultura
041 _a(Pt)
072 _aK50
100 1 _aMarchiori, J.N.C.
245 1 _aEstudo microscopico da madeira de sete-capotes, Campomanesia guazumaefolia (Camb.)Berg., Myrtaceae
650 _aMadeira
650 _aEstrutura Vegetal
650 _aAnatomia Vegetal
650 _aMyrtaceae
773 0 _tCiencia Rural (Brazil)
_xISSN 0103-8478
_g(Jan-Mar 1998), v. 28(1) p. 47-51
_wBR9802043
909 _a202311
_bLúcia
_c55
_dLúcia Elande
942 _2AGRIS
_n0
_cANA
999 _c159208
_d159208